Nou Keia? = Is this Yours? : A bilingual Hawaiian Story/ (Record no. 6527)
[ view plain ]
| 000 -LEADER | |
|---|---|
| fixed length control field | 00572nam a2200169Ia 4500 |
| 001 - CONTROL NUMBER | |
| control field | 6527 |
| 008 - FIXED-LENGTH DATA ELEMENTS--GENERAL INFORMATION | |
| fixed length control field | 260427s9999 xx 000 0 und d |
| 020 ## - INTERNATIONAL STANDARD BOOK NUMBER | |
| International Standard Book Number | 9780873362115 |
| 245 #0 - TITLE STATEMENT | |
| Title | Nou Keia? = Is this Yours? : A bilingual Hawaiian Story/ |
| Statement of responsibility, etc. | by Ka'ohua Lucas (Author), Boots Lupenui (Illustrator) |
| 260 ## - PUBLICATION, DISTRIBUTION, ETC. | |
| Place of publication, distribution, etc. | Honolulu; |
| Name of publisher, distributor, etc. | Kamehameha Publishing; |
| Date of publication, distribution, etc. | 2012 |
| 300 ## - PHYSICAL DESCRIPTION | |
| Extent | 28p; |
| Dimensions | 18x13cm |
| 490 ## - SERIES STATEMENT | |
| Series statement | Kamaiki Series; |
| Volume/sequential designation | Book 7 |
| 650 ## - SUBJECT ADDED ENTRY--TOPICAL TERM | |
| Topical term or geographic name entry element | Indigenous societies |
| 9 (RLIN) | 9260 |
| 650 ## - SUBJECT ADDED ENTRY--TOPICAL TERM | |
| Topical term or geographic name entry element | PZ(1)-90 Fiction and juvenile belles lettres |
| 9 (RLIN) | 9353 |
| 651 ## - SUBJECT ADDED ENTRY--GEOGRAPHIC NAME | |
| Geographic name | Hawaii |
| 9 (RLIN) | 2928 |
| 942 ## - ADDED ENTRY ELEMENTS (KOHA) | |
| Koha item type | Book |
| Withdrawn status | Lost status | Damaged status | Not for loan | Collection | Home library | Current library | Shelving location | Date acquired | Source of acquisition | Total Checkouts | Full call number | Barcode | Date last seen | Price effective from | Koha item type |
|---|---|---|---|---|---|---|---|---|---|---|---|---|---|---|---|
| Language and Literature | SAF Reference Library | SAF Reference Library | 04/27/2026 | SB15 reading room- Meleanna Meyer | PZ(1)-90 80.372 | 6527 | 04/27/2026 | 04/27/2026 | Book |